Function theoretic methods in partial differential equations / (Record no. 181221)

000 -LEADER
fixed length control field 01217 a2200265 4500
003 - CONTROL NUMBER IDENTIFIER
control field Nust
005 - DATE AND TIME OF LATEST TRANSACTION
control field 20221122150616.0
010 ## - LIBRARY OF CONGRESS CONTROL NUMBER
LC control number 6823503
020 ## - INTERNATIONAL STANDARD BOOK NUMBER
International Standard Book Number 0273003062 :
040 ## - CATALOGING SOURCE
Transcribing agency Nust
082 00 - DEWEY DECIMAL CLASSIFICATION NUMBER
Classification number 519,GIL
100 ## - MAIN ENTRY--PERSONAL NAME
Personal name Gilbert P,Robert
9 (RLIN) 103382
245 00 - TITLE STATEMENT
Title Function theoretic methods in partial differential equations /
Statement of responsibility, etc. R. P. Gilbert and R. J. Weinacht (editors).
260 ## - PUBLICATION, DISTRIBUTION, ETC.
Place of publication, distribution, etc. New York,
-- New York,
Name of publisher, distributor, etc. Academic press
Date of publication, distribution, etc. c1969.
300 ## - PHYSICAL DESCRIPTION
Extent 310 p. :
Other physical details ill. ;
Dimensions 25 cm.
440 #0 - SERIES STATEMENT/ADDED ENTRY--TITLE
Title Research notes in mathematics ;
Volume/sequential designation 8
9 (RLIN) 103383
505 ## - FORMATTED CONTENTS NOTE
Formatted contents note 1.An introduction to the theory of several complex variables (Page-1), 2. Harmonic functionsin (Page-P+2), variables (Page-44), 3. Elliptic differential equations in two variables with analytic coefficients (Page-106), 4. Singular partial differential equations (Page-165), 5. Applications of integral operators to scattering problems (Page-247).
650 #0 - SUBJECT ADDED ENTRY--TOPICAL TERM
Topical term or geographic name entry element Analytic functions.
9 (RLIN) 103384
650 #0 - SUBJECT ADDED ENTRY--TOPICAL TERM
Topical term or geographic name entry element Boundary value problems.
9 (RLIN) 689
650 #0 - SUBJECT ADDED ENTRY--TOPICAL TERM
Topical term or geographic name entry element Integral operators.
9 (RLIN) 103385
700 1# - ADDED ENTRY--PERSONAL NAME
Personal name Gilbert, Robert P.,
Dates associated with a name 1932-
9 (RLIN) 103386
700 1# - ADDED ENTRY--PERSONAL NAME
Personal name Muskhelishvili, N. I.
Dates associated with a name 1891-1976.
9 (RLIN) 103387
700 1# - ADDED ENTRY--PERSONAL NAME
Personal name Weinacht, R. J.,
Dates associated with a name 1931-
9 (RLIN) 103388
942 ## - ADDED ENTRY ELEMENTS (KOHA)
Source of classification or shelving scheme
Koha item type Book
Call number prefix 519,GIL
Holdings
Withdrawn status Lost status Source of classification or shelving scheme Damaged status Not for loan Permanent Location Current Location Shelving location Date acquired Full call number Barcode Date last seen Price effective from Koha item type Public note
          Military College of Signals (MCS) Military College of Signals (MCS) General Stacks 12/12/2016 519,GIL MCS7549 12/08/2016 12/12/2016 Book Almirah No.11, Shelf No.3
© 2023 Central Library, National University of Sciences and Technology. All Rights Reserved.